Laporan Akaun Belum Terima Tunggakan Hasil Berakhir Pada 30 Jun 2004 (Setengah Tahun Pertama 2004) Kastam Diraja Malaysia (Record no. 4625)

000 -LEADER
fixed length control field nas a22 a 4500
003 - CONTROL NUMBER IDENTIFIER
control field AKMAL
005 - DATE AND TIME OF LATEST TRANSACTION
control field 20170607150537.0
008 - FIXED-LENGTH DATA ELEMENTS--GENERAL INFORMATION
fixed length control field 170607s20019999my ar p | o000 a1may d
040 ## - CATALOGING SOURCE
Original cataloging agency AKMAL
049 ## - LOCAL HOLDINGS (OCLC)
Holding library AKMAL
245 00 - TITLE STATEMENT
Title Laporan Akaun Belum Terima Tunggakan Hasil Berakhir Pada 30 Jun 2004 (Setengah Tahun Pertama 2004) Kastam Diraja Malaysia
260 ## - PUBLICATION, DISTRIBUTION, ETC.
Place of publication, distribution, etc. Putrajaya :
Name of publisher, distributor, etc. Cawangan Perakauan Hasil (Pungutan danTuntutan) Kastam Diraja Malaysia,
Date of publication, distribution, etc. 2001
300 ## - PHYSICAL DESCRIPTION
Extent j. :
Other physical details il. ;
Dimensions 30cm.
310 ## - CURRENT PUBLICATION FREQUENCY
Current publication frequency Tahunan
650 10 - SUBJECT ADDED ENTRY--TOPICAL TERM
Topical term or geographic name entry element Auditors' reports
Geographic subdivision Malaysia
Form subdivision Periodicals
9 (RLIN) 8905
650 10 - SUBJECT ADDED ENTRY--TOPICAL TERM
Topical term or geographic name entry element Customs Administration
Geographic subdivision Malaysia
9 (RLIN) 491
650 20 - SUBJECT ADDED ENTRY--TOPICAL TERM
Topical term or geographic name entry element Financial statements
Geographic subdivision Malaysia
Form subdivision Periodicals
9 (RLIN) 8903
710 1# - ADDED ENTRY--CORPORATE NAME
Corporate name or jurisdiction name as entry element Malaysia.
Subordinate unit Cawangan Perakauan Hasil (Pungutan danTuntutan) Kastam Diraja Malaysia
9 (RLIN) 8906
942 ## - ADDED ENTRY ELEMENTS (KOHA)
Source of classification or shelving scheme
Koha item type Periodicals
Holdings
Withdrawn status Lost status Source of classification or shelving scheme Damaged status Not for loan Collection code Home library Current library Shelving location Date acquired Total Checkouts Barcode Date last seen Price effective from Koha item type
          NON-FICTION AKMAL Melaka AKMAL Melaka PINJAMAN 07.06.2017   201707403 07.06.2017 07.06.2017 Periodicals
Pusat Sumber Maklumat Dato' Haji Sarmin Md Hussin, Akademi Kastam Diraja Malaysia, Melaka
Tel: 06-2331106 | Faks: 06-2313787